000 00685nam a2200241I 4500
008
040 _aNUST
_cNUST
049 _aMAIN
090 _aTK6553
_bSAX
100 1 _aSaxena, Ashok
245 1 0 _aRadio and TV technology /
_cAshok Saxena
264 1 _aNew Dehli :
_bno publisher,
_c[no date]
300 _a101 pages :
_billustrations ;
_c24 cm
336 _atext
_btxt
_2rdacontent
337 _aunmediated
_bn
_2rdamedia
338 _avolume
_bnc
_2rdacarrier
650 0 _aRadio technology
650 _aTV Technology
907 _a.b10417187
_b13-04-22
_c13-04-22
003
005 20230123141239.0
942 _cBOOKS
_kTK6553
_mSAX
999 _c170206
_d170206